Top 15 des pays avec les décès de Covid-19 - 9 septembre - Statistiques

Statistiques générales
  • Ce quiz a été pris 41 fois
  • Le résultat moyen est 11 sur 19
Statistiques - réponses
pays % Correct
Etats-Unis
100%
France
100%
Italie
92%
Russie
89%
Espagne
84%
Royaume-Uni
82%
Brésil
79%
Inde
74%
Mexique
63%
Belgique
50%
Suède
47%
Colombie
42%
Pérou
39%
Iran
37%
Afrique du Sud
32%
Chili
26%
Équateur
21%
Panama
21%
Bolivie
16%
Aucun quiz correspondant
Distribution des résultats
% des personnes avec chaque résultat
Percentile par nombre de réponses
Votre historique - résultats
Vous n’avez pas pris ce quiz